000 00268nam a2200085Ia 4500
245 0 _aWalking for fitness : the low-impact workout that tones and shapes
100 _a BAROUGH, Nina London, 2003
_993028
942 _cBK
008 210817s9999 xx 000 0 und d
999 _c399418
_d399417